000 00678cam a2200205 4500
001 D1152
008 090401t1973 xxu||||| |||| 00| 0 eng d
035 _a(Sirsi) u62714
041 _aeng
050 _a692.30994
110 _aThe Australian Institute of Quantity Surveyors
_92374
245 _aAustralian standard method of measurement of building works, authorised by agreement between the Institute and The Master Builders` Federation of Australia
250 _a3rd ed met
260 _aCrows Nest, NSW
_bThe Australian Institute of Quantity Sur
_c1973
300 _aiv. 91p. 30cm
350 _a0
520 _aFiled at 1973/1BC
942 _n0
948 _c04/03/1997
999 _c94472
_d94472